000 00445nam a2200193Ia 4500
003 GCL
008 140319s9999 xx 000 0 eng d
040 _aGCL /
_cGCL
082 0 4 _a910.2202
_bA C
100 1 _aAKSIT, ILHAN
245 1 0 _aCAPPADACIA /
_cAKSIT, ILHAN
260 _a[S.N] :
_bAKSIT ،
_c1992
300 _a95 P P]
650 0 4 _aTURKEY
650 0 4 _aARCHAEOLOGY
650 0 4 _aTOURISM
650 0 4 _aISTANBUL
942 _2ddc
_cBK
999 _c16877
_d16877